Quiz da Nicarágua - Statistics

Estatísticas Gerais
  • Esse quiz foi jogado 469 vezes
  • A pontuação média é 11 de 20
Estatísticas das Respostas
Dica Resposta % Correto
Língua oficial Espanhol
98%
Países fazendo fronteira com a Nicarágua Costa Rica
93%
Países fazendo fronteira com a Nicarágua Honduras
93%
Capital da Nicarágua Manágua
85%
Grande mar na fronteira da Nicarágua a leste Caribe
83%
País que ocupou a Nicarágua durante as 'Guerras das Bananas' entre 1912-1933 Estados Unidos
82%
Esporte mais popular Basebol
78%
Os EUA pretendiam construir um destes passando pela Nicarágua, mas no finalconstruíram mais ao sul Canal
68%
País que controlou o acima entre 1638-1787 e 1844-1860 Reino Unido
61%
Líder da Nicarágua desde 2007 Daniel {Ortega}
48%
Maior lago Lago Nicaragua
44%
Cidade europeia mais antiga da América continental, nomeado por uma cidade no sul da Espanha Granada
36%
O lago acima é o único grande lago de água doce do mundo que está infestado com este tipo de peixe Tubarões
36%
A maior ilha desse lago tem dois _____, chamados Concepción e Maderas Vulcões
32%
Partido político socialista que governou a Nicarágua de 1979 a 1990 Sandinista
29%
Fundador dessas duas cidades, homônimo da moeda da Nicarágua Francisco Hernández de {Córdoba}
27%
Segunda cidade mais populosa da Nicarágua, nomeada por uma cidade no norte da Espanha León
24%
Nome histórico da costa leste da Nicarágua Costa dos {Mosquito}s
20%
Nome dos grupos rebeldes que se opõem ao acima, que receberam dinheiro e armas de certos elementos nos EUA, incluindo Oliver North Contras
19%
Rio formando grande parte da fronteira norte da Nicarágua Rio Coco
15%
Nenhum quiz correspondente encontrado
Distribuição das Pontuações
Porcentagem de Pessoas com Cada Pontuação
Percentil de Números Respondidos
Sua Pontuação Histórica
Você não jogou esse quiz